• 首页
  • 本馆介绍
  • 公告通知
  • 最新文献
  • 馆藏检索
  • 电子资源
  • 读者导购
  • 参考咨询
  • 我的图书馆
  • 登录
  • 详细信息显示
  • 放入我的书架
  • 预约/预借图书
  • 作者相关作品
  • 分类相关作品
  • 丛书相关作品
  • 出版社相关作品

书目信息

  • 表格格式
  • 工作单格式
  • 卡片格式
题名:
仡佬族
    
 
作者: 孙建芳 著
分册: 15  
出版信息: 北京   中国人口出版社  2014
页数: 140页
开本: 23cm
丛书名: 中国少数民族人口丛书
单 册:
中图分类: K287.1 , K28
科图分类:
主题词: 仡佬族--民族文化--中国
电子资源:
ISBN: 978-7-5101-1831-9
000 01001oam2 2200289 450
001 2371560932
005 20231128231658.59
010    @a978-7-5101-1831-9@dCNY40.00
100    @a20181129d2014 em y0chiy50 ea
101 0  @achi@eeng
102    @aCN@b110000
105    @aa z 000yy
200 1  @a仡佬族@Age lao zu@h15@f孙建芳著
210    @a北京@c中国人口出版社@d2014
215    @a140页@c图@d23cm
225 52 @a中国少数民族人口丛书@f翟振武主编
300    @a国家出版基金项目
312    @a封面英文题名:The Gelao nationality
330    @a本书从历史、文化、经济、社会、人口等各个方面,用准确、科学、生动的语言,全方位描述和展现了仡佬族辉煌灿烂的历史和朝气蓬勃的现状。以生动的笔触、通俗的语言为读者展现了仡佬族唯美的生活画卷。
410  0 @12001 @a中国少数民族人口丛书
510 1  @aGelao nationality@zeng
606 0  @a仡佬族@x民族文化@y中国
690    @aK287.1@v5
690    @aK28@v4
701  0 @a孙建芳@Asun jian fang@4著
801  0 @aCN@b91MARC@c20181129
905    @aZUCC@dK28@e29:15
    
    仡佬族.15/孙建芳著.-北京:中国人口出版社,2014
    140页:图;23cm.-(中国少数民族人口丛书/翟振武主编)
    国家出版基金项目
    
    ISBN 978-7-5101-1831-9:CNY40.00
    本书从历史、文化、经济、社会、人口等各个方面,用准确、科学、生动的语言,全方位描述和展现了仡佬族辉煌灿烂的历史和朝气蓬勃的现状。以生动的笔触、通俗的语言为读者展现了仡佬族唯美的生活画卷。
●
相关链接 在五车中查询图书 在当当中查询图书 在豆瓣中查询图书


正题名:仡佬族     索取号:K28/29:15         预约/预借

序号 登录号 条形码 馆藏地/架位号 状态 备注
1 2001001375   2001001375   第四书库/四33架B面3层3列/ [索取号:K28/29:15] 在馆    
2 2001001376   2001001376   第四书库/四33架B面3层3列/ [索取号:K28/29:15] 在馆    
3 2001001377   2001001377   第四书库/四33架B面3层3列/ [索取号:K28/29:15] 在馆    
4 2001001378   2001001378   第四书库/四33架B面3层3列/ [索取号:K28/29:15] 在馆    
5 2001001379   2001001379   第四书库/四33架B面3层3列/ [索取号:K28/29:15] 在馆    
6 2001001380   2001001380   第四书库/四33架B面3层3列/ [索取号:K28/29:15] 在馆    
山东省滨州职业学院图书馆 欢迎您!
大连网信软件有限公司© 版权所有